| 000 | 01085nam0a2200325 i 4500 | ||
|---|---|---|---|
| 001 | RU\NLR\bibl\2038307 | ||
| 005 | 20260405132801.0 | ||
| 010 |
_a978517077327 _92000 |
||
| 021 |
_aRU _b2013-35198 _92411 |
||
| 035 | _a(NLR Aleph) 002025650 | ||
| 090 |
_a4525804 _c4525804 |
||
| 100 | _a20130530d2013 u y0rusy50 ca | ||
| 101 | 0 | _arus | |
| 102 | _aRU | ||
| 105 | _ay ||||||||| | ||
| 200 | 1 |
_aМоскау _e[то, чего не может быть _eроман] _fZотов |
|
| 210 |
_aМосква _cАстрель _cЖанры _d2013 |
||
| 215 |
_a315, [3] с. _d21 |
||
| 225 | 1 | _aЖанры | |
| 300 | _aНа обороте тит.л. в макете авт.: Зотов Г.А. | ||
| 320 | _aДр. работы авт.: с. 2 | ||
| 333 | _a16 + | ||
| 686 | _aШ6(2=Р)8-445 | ||
| 700 | 1 |
_4070 _8rus _7ca _aЗотов _bГ. А. _f1971- _gГеоргий Александрович _3RU\NLR\auth\7753550 _936482 |
|
| 801 | 0 |
_aRU _bNLR _c20130530 _gRCR |
|
| 801 | 1 |
_aRU _bNLR _c20130530 |
|
| 942 | _cBOOK | ||
| 980 | _aNBR | ||